| 000 | 01099nam a22003371 4500 | ||
|---|---|---|---|
| 001 | 22081 | ||
| 003 | CZ PrNK | ||
| 005 | 20260319111522.0 | ||
| 008 | 020124s1989 xo e 000 f slo | ||
| 040 |
_aABA001 _bcze _cABA001 _dABA001 |
||
| 041 | 1 |
_aslo _hfre |
|
| 072 | 7 |
_a821.133.1-3 _xFrancouzská próza, francouzsky psaná _2Konspekt |
|
| 080 |
_a821.133.1-31 _2MRF |
||
| 080 |
_a(0:82-312.4) _2MRF |
||
| 100 | 1 |
_aJaprisot, Sébastien, _d1931-2003 _4aut |
|
| 245 | 1 | 0 |
_aZločin v exprese ; _bPasca na Popolušku / _cSébastien Japrisot ; [preložila Terézia Gašparíková] |
| 250 | _a1. vyd. | ||
| 260 |
_aBratislava : _bPravda, _c1989 |
||
| 300 |
_a280 s. ; _c21 cm |
||
| 490 | 1 | _aČlenská knižnica Pravda | |
| 500 | _aPřeloženo z francouzštiny | ||
| 500 | _aVl. jm. autora: Jean-Baptiste Rossi | ||
| 655 | 7 |
_afrancouzské romány _2czenas |
|
| 655 | 7 |
_adetektivní romány _2czenas |
|
| 740 | 0 | 2 | _aPasca na Popolušku |
| 765 | 0 | _tCompartiment tueurs | |
| 765 | 0 | _tPiège pour Cendrillon | |
| 830 | 0 | _aČlenská knižnica Pravda | |
| 910 | _aABA001 | ||
| 942 |
_2ddc _cKLDO _n0 |
||
| 999 |
_c22081 _d22081 |
||